Caribe: Estados Unidos refuerza dispositivo militar
Պահպանված է:
| Ձևաչափ: | Տեքստ |
|---|---|
| Խորագրեր: | |
| Ցուցիչներ: |
Ավելացրեք ցուցիչ
Չկան պիտակներ, Եղեք առաջինը, ով նշում է այս գրառումը!
|
MARC
| LEADER | 00000 a a2200000 04500 | ||
|---|---|---|---|
| 001 | 17884 | ||
| 003 | |||
| 040 | |||
| 245 | |a Caribe: |b Estados Unidos refuerza dispositivo militar | ||
| 650 | |a MILITARISMO | ||
| 650 | |a POLITICA | ||
| 650 | |a ECONOMIA | ||
| 650 | |a COMUNISMO | ||
| 773 | |g volumen 3, número 41; páginas 361 | ||
| 999 | |c 22045 |d 22045 | ||
| 773 | 0 | |0 42391 |9 3775 |a Agencia Latinoamericana de Información, ALAI |d Quito, Ecuador: ALAI |o 03893 |t ALAI: |x 08275564 (Servicio mensual de información y documentación) | |
